| 000 | 00378nam a2200145Ia 4500 | ||
|---|---|---|---|
| 008 | 150201s2005 xx 000 0 und d | ||
| 082 |
_a616.89 _bS2005G |
||
| 100 | _aGELDER,MICHEL | ||
| 245 | _aSHORTER OXFORD TEXTBOOK OF PSYCHIATRY | ||
| 250 | _a3RD | ||
| 260 |
_bOXFORD UNIVERSITY PRESS _aOXFORD (LONDON) _c2005 |
||
| 300 | _a1-1050 | ||
| 650 | _aPSYCHIATRY | ||
| 942 |
_2ddc _cBK |
||
| 999 |
_c3909 _d3909 |
||